| 000 | 00685nam a2200169Ia 4500 | ||
|---|---|---|---|
| 008 | 090201s9999 xx 000 0 und d | ||
| 010 | _aKPL-36159 | ||
| 040 | _bमराठी | ||
| 041 | _aमराठी | ||
| 082 |
_a24762 _b36159 |
||
| 100 | _aभगवान ओशो श्री रजनीश | ||
| 245 |
_aशिक्षण क्रंाती हीच खरी क्रंाती _cभगवान ओशो श्री रजनीश |
||
| 260 |
_c2004 _bजीवन जागृती प्रकाशन |
||
| 300 |
_a144 _bमोठा |
||
| 600 | _aशिक्षण क्रंाती हीच खरी क्रंाती | ||
| 942 | _cBOOK | ||
| 999 |
_c224072 _d224072 |
||